000 00760cam a2200277Ia 4500
999 _c2479
_d2479
001 2479
003 BD-JhCC
005 20211013134021.0
008 951205s1992 nyua 001 0 eng d
020 _a0671792806 (pbk.)
035 _aMITb10753150
035 _a(BD-JhCC)2479
040 _aIFK
_cIFK
_dRXY
_dVET
_dMYG
041 _aeng
082 _223
_a158.4
_bCOV 1992
090 _aBF637.S8
_bC67 1992
100 1 _aCovey, Stephen R.
245 1 0 _aPrinciple-centered leadership /
_cStephen R. Covey.
250 _a1st Fireside ed.
260 _aNew York :
_bSimon & Schuster,
_c1992.
300 _a334 p. :
_bill. ;
_c22 cm.
500 _aIncludes index.
650 0 _aSuccess
_xPsychological aspects.
650 0 _aLeadership.
942 _2ddc
_cBK
_02